000 01507nam0a22002891 4500
001 rc\4402441
005 20130416151319.9
021 _aRU
_b[62-23177]
035 _a(NLR Aleph) 008559621
090 _a8457424
_c8457424
100 _a20130416d1962 |||y0rusy50 ca
101 0 _arus
102 _aRU
105 _aa z |||||
200 1 _aОпыт закладки выработанного пространства на крутых пластах угля и перспективы ее применения в Донбассе
_e(Доклад на науч.-техн. конференции в г. Горловка)
_fИн-т горного дела им. А.А. Скочинского. Лаборатория гидромеханизации горных работ
210 _aМосква
_cБ. и.
_d1962
215 _a28 с.
_cчерт.
_d21
300 _aПеред загл. авт.: канд. техн. наук В.В. Добровольский, инж. А.Г. Малышев
606 _aУгольные месторождения
_xСистемы разработки
_2psbo
606 _aГорные выработки
_xЗакладка выработанного пространства
_2psbo
700 1 _aДобровольский
_bВ. В.
_gВладимир Васильевич
701 1 _aМалышев
_bА. Г.
_gАнатолий Григорьевич
801 0 _aRU
_bNLR
_gpsbo
801 1 _aRU
_bELAR
_2rusmarc
852 _aNLR
_j62-6/4406
942 _cBOOK
980 _aNB